000 01157nam0a2200337 4500
001 RU\NLR\bibl\1267037
005 20260405152039.0
010 _a978-5-903962-01-3
_93000
021 _aRU
_b2008-49471
_92739
035 _a(nilc)EL/0000211009
035 _a(NLR Aleph) 001252947
090 _a330663
_c330663
100 _a20080825d2008 |||y0rusy50 ca
101 0 _arus
102 _aRU
105 _ay z |||||
200 1 _a"6 мифов современного"
_eлюдологический обзор
_fР. П. Чернов
210 _aМосква
_cЛигалЭксперт
_d2008
215 _a107 с.
_d21
606 1 _aМифотворчество социальное
_92181744
_3RU\NLR\auth\661311960
686 _a60.02
_vLBC/M
_2rubbk
686 _aС550.65
686 _aЮ6
700 1 _4070
_8rus
_7ca
_aЧернов
_bР. П.
_cкультуролог, юрист
_f1980-
_gРустам Павлович
_3RU\NLR\AUTH\7763180
_946110
801 0 _aRU
_bНБР Коми
_c20080825
_grcr
801 1 _aRU
_bНБР Коми
_c20080825
801 2 _aRU
_bNLR
_c20080829
_grcr
942 _cBOOK
980 _aNB